| 000 | 00614nam a2200217 a 4500 | ||
|---|---|---|---|
| 999 |
_c4173 _d4173 |
||
| 001 | 4173 | ||
| 003 | BD-JhCC | ||
| 005 | 20171123191207.0 | ||
| 008 | 171123s2008 bg ||||| |||| 00| 0 ben d | ||
| 020 | _a9847013400149 | ||
| 035 | _a(BD-JhCC) | ||
| 040 |
_aBD-JhCC _dBD-JhCC |
||
| 041 | _aben | ||
| 082 |
_a954.92 _bISL 2008 |
||
| 100 | _aত . ইসলাম | ||
| 245 |
_aসুন্দরবনের কথা / _cত . ইসলাম |
||
| 260 |
_aঢাকা : _bবিদ্যাপ্রকাশ, _c২০০৮ |
||
| 300 |
_a117 p. : _c22cm. |
||
| 650 |
_aSuudarban _zBangaldesh |
||
| 942 |
_2ddc _cBK |
||